000 01102cab a2200337 4500
001 ABS51893
008 090401t1994 xxu||||| |||| 00| 0 eng d
035 _a(Sirsi) u49143
041 _aeng
100 _aAlden, P.
245 2 _aA word to the penny-wise
260 _c1994
350 _a0
490 _aBuilding
_v259(7873) 16 December 1994, 15(1)
520 _aA defence of Latham`s recommendation to reduce building costs by nearly one third, by the chairman of the Working Group set up to implement this strategy. Gives examples of where cost reduction can be achieved.
650 _aBUILT ENVIRONMENT-BUILDING COSTS
650 _aCANARY WHARF
650 _aCONSTRUCTION INDUSTRY INSTITUTE
650 _aCONSTRUCTION INDUSTRY
650 _aLATHAM REFORMS
650 _aMANCHESTER ARENA
650 _aOVERDESIGN
650 _aOVERSPECIFICATION
650 _aREDUCTION
650 _aUNITED STATES
650 _aVALUE FOR MONEY
690 _aBUILT ENVIRONMENT-BUILDING CONTRACT FORMS
690 _aBUILT ENVIRONMENT-BUILDING COSTS
942 _n0
948 _c04/03/1997
999 _c30770
_d30770